Nuevo regimen antitramites : (Registro nro. 34297)

Detalles MARC
000 -LEADER
fixed length control field 01343nam a2200325 4500
001 - CONTROL NUMBER
control field 0000017492
003 - CONTROL NUMBER IDENTIFIER
control field CO-CtgCURN
005 - DATE AND TIME OF LATEST TRANSACTION
control field 20250429224001.0
007 - PHYSICAL DESCRIPTION FIXED FIELD--GENERAL INFORMATION
fixed length control field ta
008 - FIXED-LENGTH DATA ELEMENTS--GENERAL INFORMATION
fixed length control field 160627s1997 000 0 eng d
020 ## - INTERNATIONAL STANDARD BOOK NUMBER
International Standard Book Number 9586760219
040 ## - CATALOGING SOURCE
Original cataloging agency CO-CtgCURN
Language of cataloging spa
Transcribing agency coctgcurn
082 0# - DEWEY DECIMAL CLASSIFICATION NUMBER
Classification number 350.986
Item number S15n
100 1# - MAIN ENTRY--PERSONAL NAME
Personal name Sandoval Rojas, Marley.
245 10 - TITLE STATEMENT
Title Nuevo regimen antitramites :
Remainder of title decreto No. 2150 de 1995, comentarios, concordancias, practica /
Statement of responsibility, etc. Marleny Sandoval Rojas, Jaime Mejia Ossman, Pedro Alfonso Pabon Parra.
260 ## - PUBLICATION, DISTRIBUTION, ETC.
Place of publication, distribution, etc. Bogotá :
Name of publisher, distributor, etc. Ediciones Doctrina y Ley,
Date of publication, distribution, etc. 1997.
300 ## - PHYSICAL DESCRIPTION
Extent xvi, 249 p.
336 ## - CONTENT TYPE
Source rdacontent
337 ## - MEDIA TYPE
Source rdamedia
Media type term sin mediacion
Media type code n
338 ## - CARRIER TYPE
Source rdacarrier
Carrier type term volumen
Carrier type code nc
500 ## - GENERAL NOTE
General note Decreto 2150 de 1995.
505 8# - FORMATTED CONTENTS NOTE
Formatted contents note Reconocimiento de personerias juridicas.--Licencia de funcionamiento.--Licencias de funcionamiento.--Titulos academicos y profesionales.--Ministerio del interior.--Ministerio de relaciones exteriores
650 14 - SUBJECT ADDED ENTRY--TOPICAL TERM
Topical term or geographic name entry element Tramites de documentos
Form subdivision Legislacion.
700 1# - ADDED ENTRY--PERSONAL NAME
Personal name Mejia Ossman, Jaime.
908 ## - PUT COMMAND PARAMETER (RLIN)
Put command parameter 160627
942 ## - ADDED ENTRY ELEMENTS (KOHA)
Koha item type Libros
Classification part 350.986
Item part S15n
Source of classification or shelving scheme Dewey Decimal Classification
Existencias
Withdrawn status Lost status Source of classification or shelving scheme Damaged status Not for loan Collection Home library Current library Shelving location Date acquired Inventory number Total checkouts Full call number Barcode Date last seen Copy number Price effective from Koha item type Public note
    Dewey Decimal Classification     General Miguel Henríquez Castañeda Miguel Henríquez Castañeda General 04/29/2025 006090   350.986 S15n 006090 04/29/2025 ej.1 04/29/2025 Libros 350-ADM.P
    Dewey Decimal Classification     General Miguel Henríquez Castañeda Miguel Henríquez Castañeda General 04/29/2025 006092   350.986 S15n 006092 04/29/2025 ej.2 04/29/2025 Libros 350-ADM.P
    Dewey Decimal Classification     General Miguel Henríquez Castañeda Miguel Henríquez Castañeda General 04/29/2025 014260   350.986 S15n 014260 04/29/2025 ej.3 04/29/2025 Libros 350-ADM.P